|
|
|
|
| LEADER |
01041nam a22002417a 4500 |
| 001 |
32415 |
| 003 |
BD-DhAAL |
| 005 |
20171129144303.0 |
| 008 |
171129t2013 bg a|||| |||| 00| 0 eng d |
| 999 |
|
|
|c 38682
|d 38682
|
| 020 |
|
|
|a 9789840415168
|
| 040 |
|
|
|a BD-DhAAL
|
| 082 |
|
|
|2 21
|a 332.4
|
| 100 |
|
|
|a হোসেন, রবিউল
|9 24112
|
| 245 |
|
|
|a জীবন ও মানুষ :
|b ব্যাংক ও ব্যাংকিং (পরিবার ও অফিস পরিচালনা সহায়ক) /
|c রবিউল হোসেন
|
| 260 |
|
|
|a ঢাকা :
|b আগামী প্রকাশনী,
|c ২০১৩
|
| 300 |
|
|
|a ২২৩ পৃষ্ঠা :
|c ২২ সে.মি.
|
| 526 |
|
|
|a AAL
|
| 541 |
|
|
|a Complementary copy
|e 32415
|
| 650 |
|
|
|a Banks and banking
|9 24113
|
| 852 |
|
|
|a Ayesha Abed Library
|c General Stacks
|
| 942 |
|
|
|2 ddc
|c BK
|
| 952 |
|
|
|0 0
|1 0
|2 ddc
|4 0
|6 332_400000000000000_HOS
|7 0
|9 62072
|a BRACUL
|b BRACUL
|c GEN
|d 2017-11-29
|e Complementary copy
|l 0
|o 332.4 HOS
|p 3010032415
|r 2017-11-29
|t 1
|w 2017-11-29
|y BK
|